Trends in Sports Marketing

Saved in:
Bibliographic Details
Main Author Čáslavová, Eva, et, al
Format Electronic eBook
LanguageCzech
Published Karolinum 2025
Edition1. elektronické vydání
Subjects
Online AccessDostupné v BOOKPORT po přihlášení pomocí eduID
ISBN978-80-246-6013-4
978-80-246-5996-1
Physical Description1 online zdroj (154 stran)

Cover

LEADER 00000nam a2200000 i 4500
001 bkp413203853
003 CZ-prgp
005 20260217133122.0
006 m o d
007 cr cn
008 260217s2025 xr o 000 0 cze
020 |a 978-80-246-6013-4  |c 200 Kč  |q (online ; pdf) 
020 |a 978-80-246-5996-1  |c 290 Kč  |q (print) 
040 |a Grada  |b cze  |e rda 
100 1 |a Čáslavová, Eva, et, al. 
245 1 0 |a Trends in Sports Marketing  |c al. Čáslavová Eva et 
250 |a 1. elektronické vydání 
264 1 |b Karolinum  |c 2025 
300 |a 1 online zdroj (154 stran) 
336 |a text  |b txt  |2 rdacontent 
337 |a počítač  |b c  |2 rdamedia 
338 |a online zdroj  |b cr  |2 rdacarrier 
520 3 |a The book Trends in Sports Marketing explores the evolution of sports marketing, focusing on current and emerging trends that shape the industry. The book covers the integration of digital elements, such as social media, online advertising, and e-commerce, as well as successful online marketing strategies like content creation and fan engagement. It also examines the role of sports celebrities in promoting brands and events. The final chapter highlights innovations in sports services and customer participation. This insightful publication offers valuable knowledge for professionals and enthusiasts navigating the ever-changing sports marketing landscape. 
650 0 4 |a Marketing a reklama 
856 4 0 |u https://www.bookport.cz/AccountSaml/SignIn/?idp=https://shibboleth.utb.cz/idp/shibboleth&returnUrl=/kniha/trends-in-sports-marketing-15761/  |y Dostupné v BOOKPORT po přihlášení pomocí eduID